[Event "DEN-ch cand"]
[Site "Aalborg"]
[Date "2007.04.04"]
[Round "2"]
[White "Rhee, Alexander Kasper"]
[Black "Molvig, Henrik"]
[Result "1-0"]
[WhiteElo "2052"]
[BlackElo "2137"]
[PlyCount "61"]
[EventDate "2007.04.03"]
[EventType "swiss"]
[EventRounds "7"]
[EventCountry "DEN"]
[SourceTitle "EXT 2023"]
[Source "ChessBase"]
[SourceDate "2022.10.05"]
[SourceVersion "1"]
[SourceVersionDate "2022.10.05"]
[SourceQuality "1"]

1. e4 c5 2. Nf3 d6 3. d4 cxd4 4. Nxd4 Nf6 5. Nc3 a6 6. Bg5 e6 7. f4 Nbd7 8. Qf3 Qc7 9. 0-0-0 Be7 10. Bd3 h6 11. Bh4 g5 12. fxg5 Ne5 13. Qe2 Nfg4 14. Nf3 hxg5 15. Bg3 Nxf3 16. Qxf3 Ne5 17. Bxe5 dxe5 18. Rdf1 Rh7 19. h4 gxh4 20. Qg4 Kf8 21. g3 Rg7 22. Qf3 Bg5+ 23. Kb1 Qe7 24. gxh4 Bxh4 25. Qh5 Bg5 26. Qh8+ Rg8 27. Qxe5 f6 28. Rh5 Qf7 29. Qd6+ Ke8 30. Be2 Qd7 31. Qh2 1-0

[Event "DEN-ch cand"]
[Site "Aalborg"]
[Date "2006.04.17"]
[Round "7"]
[White "Rhee, Alexander Kasper"]
[Black "Harholm, Jes"]
[Result "1-0"]
[WhiteElo "2018"]
[BlackElo "2174"]
[PlyCount "43"]
[EventDate "2006.04.11"]
[EventType "swiss"]
[EventRounds "7"]
[EventCountry "DEN"]
[SourceTitle "EXT 2018"]
[Source "ChessBase"]
[SourceDate "2017.10.13"]
[SourceVersion "1"]
[SourceVersionDate "2017.10.13"]
[SourceQuality "1"]

1. e4 e5 2. Nf3 d6 3. d4 exd4 4. Nxd4 Nf6 5. Nc3 Be7 6. Bc4 0-0 7. 0-0 Nxe4 8. Nxe4 d5 9. Bd3 dxe4 10. Bxe4 Re8 11. c3 Bf6 12. Qc2 g6 13. Bf4 c6 14. Rad1 Qe7 15. Rfe1 Nd7 16. Re3 Qf8 17. Nxc6 Qg7 18. Nb4 Nc5 19. Bf3 Bf5 20. Qe2 Rxe3 21. Qxe3 Qf8 22. Bd6 1-0

[Event "DEN-ch cand"]
[Site "Aalborg"]
[Date "2006.04.16"]
[Round "6"]
[White "Peschardt, Soren"]
[Black "Rhee, Alexander Kasper"]
[Result "1/2-1/2"]
[WhiteElo "2122"]
[BlackElo "2018"]
[PlyCount "83"]
[EventDate "2006.04.11"]
[EventType "swiss"]
[EventRounds "7"]
[EventCountry "DEN"]
[SourceTitle "EXT 2018"]
[Source "ChessBase"]
[SourceDate "2017.10.13"]
[SourceVersion "1"]
[SourceVersionDate "2017.10.13"]
[SourceQuality "1"]

1. d4 Nf6 2. c4 e6 3. Nf3 d5 4. Nc3 Bb4 5. Bg5 h6 6. Bxf6 Qxf6 7. e3 c5 8. a3 Ba5 9. Rc1 cxd4 10. Nxd4 dxc4 11. Qa4+ Nc6 12. Nxc6 Bxc3+ 13. Rxc3 Bd7 14. Bxc4 Bxc6 15. Bb5 0-0 16. Bxc6 bxc6 17. 0-0 Rab8 18. Qc2 Rb6 19. b4 a5 20. Rxc6 Rxc6 21. Qxc6 axb4 22. axb4 Qb2 23. Qd6 Rc8 24. h3 g6 25. Rd1 Rc2 26. Qb8+ Kh7 27. Qf4 Kg7 28. Rd4 Rc1+ 29. Kh2 Rc8 30. h4 h5 31. Kg3 Qc2 32. Rd7 Qf5 33. Qxf5 exf5 34. Rb7 Rc4 35. b5 Rb4 36. b6 Kf6 37. Rb8 Rb3 38. Kf3 Rb2 39. g3 Ke5 40. b7 Kf6 41. Kg2 Rb1 42. f4 1/2-1/2

[Event "DEN-ch cand"]
[Site "Aalborg"]
[Date "2006.04.12"]
[Round "2"]
[White "Rhee, Alexander Kasper"]
[Black "Brondum, Eric"]
[Result "0-1"]
[WhiteElo "2018"]
[BlackElo "2155"]
[PlyCount "82"]
[EventDate "2006.04.11"]
[EventType "swiss"]
[EventRounds "7"]
[EventCountry "DEN"]
[SourceTitle "EXT 2018"]
[Source "ChessBase"]
[SourceDate "2017.10.13"]
[SourceVersion "1"]
[SourceVersionDate "2017.10.13"]
[SourceQuality "1"]

1. e4 c5 2. Nf3 d6 3. d4 cxd4 4. Nxd4 Nf6 5. Nc3 a6 6. Be3 Ng4 7. Bc1 Nf6 8. Be3 Ng4 9. Bc1 Nf6 10. f3 e5 11. Nb3 Be6 12. Be3 Nbd7 13. Qd2 b5 14. 0-0-0 Rc8 15. Kb1 Nb6 16. Qf2 Nfd7 17. Nd5 Nxd5 18. exd5 Bf5 19. Rd2 Be7 20. h4 h5 21. Be2 Bg6 22. Nc1 Nc5 23. Bd3 Nxd3 24. Nxd3 Rc4 25. b3 Rxh4 26. Rhd1 Bg5 27. Bb6 Qf6 28. Re2 Bxd3 29. cxd3 0-0 30. g3 Rh3 31. Qg2 Qf5 32. Re4 h4 33. gxh4 Bf4 34. Bc7 Rc8 35. Rxf4 exf4 36. Bxd6 Rg3 37. Qd2 Rxf3 38. Rg1 Rxd3 39. Rg5 Qxg5 40. Qxd3 Qg1+ 41. Kb2 Qc1# 0-1

[Event "DEN-ch M7 Gr3"]
[Site "Koge"]
[Date "2005.03.25"]
[Round "4"]
[White "Rhee, Alexander Kasper"]
[Black "Wiecker, Stefan"]
[Result "0-1"]
[WhiteElo "1915"]
[BlackElo "1983"]
[PlyCount "106"]
[EventDate "2005.03.22"]
[EventType "tourn"]
[EventRounds "7"]
[EventCountry "DEN"]
[SourceTitle "EXT 2023"]
[Source "ChessBase"]
[SourceDate "2022.10.05"]
[SourceVersion "1"]
[SourceVersionDate "2022.10.05"]
[SourceQuality "1"]

1. e4 c5 2. Nf3 Nc6 3. d4 cxd4 4. Nxd4 Nf6 5. Nc3 d6 6. Bg5 e6 7. Qd2 Qb6 8. Nb3 Be7 9. Be2 0-0 10. Be3 Qc7 11. 0-0 Rd8 12. Rad1 Ne5 13. Nb5 Qb8 14. a4 Nxe4 15. Qd4 Nf6 16. Nxa7 Nc6 17. Nxc6 bxc6 18. Bf3 Nd5 19. Bxd5 cxd5 20. Qb6 Ba6 21. Rfe1 Rc8 22. Rd2 Bf6 23. Rb1 Qxb6 24. Bxb6 Rc4 25. a5 Rac8 26. c3 Ra4 27. Ra1 Rcc4 28. h3 g6 29. Rdd1 Rxa1 30. Rxa1 Kf8 31. Nd2 Rc8 32. Ra4 Ke8 33. Rb4 Rb8 34. Nf3 Kd7 35. Nd4 Bxd4 36. Rxd4 Rc8 37. Rh4 h5 38. f3 e5 39. Kf2 Rc4 40. Kg3 f6 41. Rxc4 dxc4 42. Kh4 Bb7 43. Kg3 Ke6 44. Kh4 Kf5 45. Be3 Ba6 46. Bh6 Bb5 47. g4+ hxg4 48. fxg4+ Ke4 49. Bg7 f5 50. gxf5 gxf5 51. Kg3 Ke3 52. h4 f4+ 53. Kg2 Ke2 0-1

[Event "Hillerod NSU op"]
[Site "Hillerod"]
[Date "2005.01.08"]
[Round "3"]
[White "Erichsen, Dan"]
[Black "Rhee, Alexander Kasper"]
[Result "1-0"]
[WhiteElo "2085"]
[BlackElo "1892"]
[PlyCount "61"]
[EventDate "2005.01.07"]
[EventType "swiss"]
[EventRounds "5"]
[EventCountry "DEN"]
[SourceTitle "EXT 2018"]
[Source "ChessBase"]
[SourceDate "2017.10.13"]
[SourceVersion "1"]
[SourceVersionDate "2017.10.13"]
[SourceQuality "1"]

1. e4 c5 2. Nf3 d6 3. d4 cxd4 4. Nxd4 Nf6 5. Nc3 a6 6. Be3 e6 7. g4 h5 8. Bg5 Qb6 9. Bxf6 gxf6 10. Nb3 Nc6 11. gxh5 Bd7 12. Qf3 Nd4 13. Nxd4 Qxd4 14. Qd3 Qb4 15. 0-0-0 Rxh5 16. Qd4 Qa5 17. Qxf6 Rc8 18. Rd3 Rh6 19. Qf3 b5 20. Kb1 b4 21. Ne2 Bb5 22. Rd1 Bc4 23. Nc1 Bg7 24. Bxc4 Rxc4 25. Rhg1 Be5 26. Rg8+ Ke7 27. Qe3 Qa4 28. Nb3 Rxh2 29. Qa7+ Kf6 30. Rdg1 Rh7 31. R1g6+ 1-0